Ținuturile Regatului României pe hartă - Statistics

General Stats
  • This quiz has been taken 21 times
  • The average score is 4 of 10
Answers on the Map
Answers color-coded by a green-red scale on the quiz's map according to % correct below.
 
Answer Stats
Answer % Correct
Olt
71%
Timiș
64%
Nistru
50%
Suceava
50%
Mureș
43%
Prut
36%
Mării
29%
Bucegi
21%
Dunărea de Jos
14%
Someș
14%
No matching quizzes found
Score Distribution
Percent of People with Each Score
Percentile by Number Answered
Your Score History
You have not taken this quiz